Chambers 2-in-1 dictionary & thesaurus. (Record no. 26820)
[ view plain ]
| 000 -LEADER | |
|---|---|
| fixed length control field | 01584cam a22003015a 4500 |
| 001 - CONTROL NUMBER | |
| control field | 15406227 |
| 003 - CONTROL NUMBER IDENTIFIER | |
| control field | EG-ScBUE |
| 005 - DATE AND TIME OF LATEST TRANSACTION | |
| control field | 20191209120319.0 |
| 008 - FIXED-LENGTH DATA ELEMENTS--GENERAL INFORMATION | |
| fixed length control field | 080809s2008 stk f d 000 0 eng d |
| 020 ## - INTERNATIONAL STANDARD BOOK NUMBER | |
| International Standard Book Number | 9780550103970 |
| 035 ## - SYSTEM CONTROL NUMBER | |
| System control number | (OCoLC)ocn195673143 |
| 040 ## - CATALOGING SOURCE | |
| Original cataloging agency | UKM |
| Language of cataloging | eng |
| Description conventions | rda |
| Transcribing agency | UKM |
| Modifying agency | BTCTA |
| -- | BAKER |
| -- | YDXCP |
| -- | BWKUK |
| -- | DLC |
| -- | EG-ScBUE |
| 082 04 - DEWEY DECIMAL CLASSIFICATION NUMBER | |
| Classification number | 423 |
| Item number | CHA |
| Edition number | 22 |
| 245 00 - TITLE STATEMENT | |
| Title | Chambers 2-in-1 dictionary & thesaurus. |
| 246 3# - VARYING FORM OF TITLE | |
| Title proper/short title | Chambers two-in-one dictionary and thesaurus |
| 264 #1 - PUBLICATION, DISTRIBUTION, ETC. (IMPRINT) | |
| Place of publication, distribution, etc | Edinburgh : |
| Name of publisher, distributor, etc | Chambers Harrap Publishers Ltd, |
| Date of publication, distribution, etc | 2008. |
| 300 ## - PHYSICAL DESCRIPTION | |
| Extent | vii, 1110 pages : |
| Other physical details | illustrations ; |
| Dimensions | 26 cm |
| 336 ## - CONTENT TYPE | |
| Source | rdacontent |
| Content type term | text |
| Content type code | txt |
| 337 ## - MEDIA TYPE | |
| Source | rdamedia |
| Media type term | unmediated |
| Media type code | n |
| 338 ## - CARRIER TYPE | |
| Source | rdacarrier |
| Carrier type term | volume |
| Carrier type code | nc |
| 520 ## - SUMMARY, ETC. | |
| Summary, etc | "Chambers 2-in-1 Dictionary & Thesaurus is an easy-to-use single-volume source of both dictionary definitions and thesaurus information (synonyms and antonyms). Entries are fully integrated, and the exceptionally clear two-colour layout means you can find exactly what you're looking for quickly and easily." "This book has a fully integrated dictionary and thesaurus text so there's no need to look up the same word twice; 30,000 entries and more than 70,000 dictionary definitions; 150,000 synonyms and opposites; and over 200 lists of related words from types of accommodation to signs of the zodiac." |
| 590 ## - LOCAL NOTE (RLIN) | |
| Local note | reham |
| 650 #7 - SUBJECT ADDED ENTRY--TOPICAL TERM | |
| Topical term or geographic name as entry element | English language |
| Form subdivision | Dictionaries. |
| Source of heading or term | BUEsh |
| 650 #7 - SUBJECT ADDED ENTRY--TOPICAL TERM | |
| Topical term or geographic name as entry element | English language |
| General subdivision | Synonyms and antonyms |
| Form subdivision | Dictionaries. |
| Source of heading or term | BUEsh |
| 653 ## - INDEX TERM--UNCONTROLLED | |
| Resource For college | Humanities: English |
| Arrived date list | July2018 |
| 655 ## - INDEX TERM--GENRE/FORM | |
| Form subdivision | Reading book |
| 942 ## - ADDED ENTRY ELEMENTS (KOHA) | |
| Source of classification or shelving scheme | Dewey Decimal Classification |
| Koha item type | Reference (NB) |
| Withdrawn status | Lost status | Source of classification or shelving scheme | Damaged status | Not for loan | Collection code | Home library | Current library | Shelving location | Date acquired | Source of acquisition | Total Checkouts | Full call number | Barcode | Date last seen | Price effective from | Koha item type |
|---|---|---|---|---|---|---|---|---|---|---|---|---|---|---|---|---|
| Dewey Decimal Classification | Baccah | Central Library | Central Library | Ground Floor | 19/07/2018 | Purchase | 423 CHA | 000043466 | 15/07/2025 | 19/07/2018 | Reference (NB) |